000 00422nam a2200157Ia 4500
008 230718s9999 xx 000 0 und d
041 _aeng
082 _a658
_bABR
100 _aAbraham J.
_9144498
245 _aGetting Everything You Can Out Of All You Have Got
260 _c2001
_bTurman Talley
300 _a376
365 _cRs.
_b606.00
700 _aAbraham J.
_9144498
906 _dB:241709-Nov-2001
_cMGMT
_b90.9
999 _c302788
_d302788